| 000 | 02318nam a2200253 a 4500 | ||
|---|---|---|---|
| 001 | ASIN080507967X | ||
| 005 | 20170105102910.0 | ||
| 008 | 131029s2005 xxu eng d | ||
| 020 |
_a080507967X (paperback) _c$17.00 |
||
| 020 | _a9780805079678 (paperback) | ||
| 040 | _a0 | ||
| 082 | _a327.73009051 | ||
| 100 | 1 | _aChomsky, Noam. | |
| 245 | 1 | 0 |
_aImperial ambitions : _bconversations on the post-9/11 world / _cNoam Chomsky, David Barsamian. |
| 250 | _a1st ed. | ||
| 260 |
_a[S.l.] : _bMetropolitan Books, _c2005. |
||
| 300 |
_a226 p. ; _c21 cm. |
||
| 490 | 1 | _aAmerican empire project. | |
| 520 | _aIn this first collection of interviews since the bestselling 9-11, our foremost intellectual activist examines crucial new questions of U.S. foreign policy Timely, urgent, and powerfully elucidating, this important volume of previously unpublished interviews conducted by award-winning radio journalist David Barsamian features Noam Chomsky discussing America’s policies in an increasingly unstable world. With his famous insight, lucidity, and redoubtable grasp of history, Chomsky offers his views on the invasion and occupation of Iraq, the doctrine of “preemptive” strikes against so-called rogue states, and the prospects of the second Bush administration, warning of the growing threat to international peace posed by the U.S. drive for domination. In his inimitable style, Chomsky also dissects the propaganda system that fabricates a mythic past and airbrushes inconvenient facts out of history. Barsamian, recipient of the ACLU’s Upton Sinclair Award for independent journalism, has conducted more interviews and radio broadcasts with Chomsky than has any other journalist. Enriched by their unique rapport, Imperial Ambitions explores topics Chomsky has never before discussed, among them the 2004 presidential campaign and election, the future of Social Security, and the increasing threat, including devastating weather patterns, of global warming. The result is an illuminating dialogue with one of the leading thinkers of our time—and a startling picture of the turbulent times in which we live. | ||
| 700 | 1 | _aBarsamian, David. | |
| 830 | 0 | _aAmerican empire project. | |
| 856 | 4 | 0 |
_3Amazon.com _uhttp://www.amazon.com/exec/obidos/ASIN/080507967X/chopaconline-20 |
| 942 |
_2ddc _cBK |
||
| 999 |
_c15092 _d15092 |
||